000 02251cam a22005174i 4500
003 PE-LiUPU
005 20250731173117.0
008 190920s2009 flu r 000 0 spa d
020 _a9875675504
020 _a9789875675506
035 _a(Sirsi) a252548
040 _aPE-LiUPU
_bspa
_cPE-LiUPU
_erda
041 1 _aspa
_heng
049 _aPRUA
082 0 4 _a222.14
_bG19
_220
100 1 _aGane, Roy E.,
_eautor.
245 1 0 _aBajo la sombra de la Shekina /
_cRoy Gane ; traducción, Félix Cortés A.
250 _aPrimera edición.
264 1 _aFlorida :
_bAsociación Casa Editora Sudamerica,
_c2009.
300 _a158 páginas ;
_c20 centímetros
336 _atext
_2rdacontent
337 _aunmediated
_2rdamedia
338 _avolume
_2rdacarrier
505 0 _aUna nación bajo la dirección de Dios (Números 1-4) -- Un pueblo santo (Números 5,6) -- El servicio de Dios (Números 7,8) -- La preparación para la mudanza (Números 9,10) -- Retos del camino (Números 11-12) -- Arrebatar la derrota de las garras de la victoria (Números 13-15) -- Crisis por el liderazgo (Números 16,17) -- Cómo arreglárselas ante el peligro y la muerte (Números 18,19) -- Éxitos y fracasos (Números 20-21) -- Armas de destrucción masiva (Números 22-24) -- Armas de distracción masiva (Níumeros 25) -- Una nueva generación (Números 26-30) -- Una mirada hacia el pasado y otra hacia el futuro (Números 31-36).
526 _aSEG42
526 _aSEG41
526 _aSEG40
526 _aSEG39
526 _aP94
526 _aP87
526 _aP86
526 _aP85
526 _aP77
526 _aP76
526 _aP35
534 _pTítulo original :
_tIn the shadow of the shekinah.
630 0 4 _aBiblia.
_pA.T.
_pNúmeros
_xCrítica, interpretación, etc
630 0 4 _aBiblia.
_pA-T-
_pNúmeros
_vComentarios.
910 _abgr
_bncf
_cncf
_d20190920
942 _2ddc
_cBOOK
994 _aC0
_bPEPRU
598 _aCATALOGING
596 _a1
999 _a222.14 G19
_wDEWEY
_c31774
_i80596
_d31774
_e2022-6-6
_f2021-12-10
_g3
_lCCODEBUL1
_mBUL
_n2
_p10.00
_r0
_sY
_tBOOK
_u2019-9-20
_xTEOLOGIA
_PP35
_0DONACION
_o.STAFF. Colección Teología
980 _81
_gALBERTO SANCHEZ Responsable de Automatización